[Event "AUT-chT2O 2223"]
[Site "Austria"]
[Date "2023.02.19"]
[Round "9"]
[White "Exler, Veronika"]
[Black "Hajek, Oskar"]
[Result "1/2-1/2"]
[WhiteElo "2137"]
[BlackElo "2220"]
[PlyCount "56"]
[EventDate "2022.10.15"]
[EventType "team-tourn"]
[EventRounds "11"]
[EventCountry "AUT"]
[SourceTitle "CBM 213 Extra"]
[Source "ChessBase"]
[SourceDate "2023.05.31"]
[SourceVersion "1"]
[SourceVersionDate "2023.05.31"]
[SourceQuality "1"]
[WhiteTeam "Donaustadt"]
[BlackTeam "Mistelbach/Altlichtenwarth"]
[WhiteTeamCountry "AUT"]
[BlackTeamCountry "AUT"]

1. e4 d6 2. d4 Nf6 3. Nc3 Nbd7 4. Nf3 e5 5. Bc4 Be7 6. a4 0-0 7. h3 a5 8. 0-0 c6 9. Ba2 h6 10. Be3 Re8 11. Re1 Bf8 12. Qd3 Qc7 13. dxe5 Nxe5 14. Nxe5 dxe5 15. Red1 Be6 16. Bxe6 Rxe6 17. Qc4 Qe7 18. f3 Nh5 19. Ne2 Rg6 20. Rd2 Qh4 21. Kf1 Re8 22. Rad1 Ng3+ 23. Nxg3 Qxg3 24. Qe2 Be7 25. Qf2 Qh2 26. Qg1 Qg3 27. Qf2 Qh2 28. Qg1 Qg3 1/2-1/2

[Event "CZE-chT2E 2223"]
[Site "Czech Republic"]
[Date "2023.02.05"]
[Round "8.2"]
[White "Hajek, Oskar"]
[Black "Gawlas, Roman"]
[Result "1-0"]
[WhiteElo "2220"]
[BlackElo "2036"]
[PlyCount "93"]
[EventDate "2022.10.16"]
[EventType "team-tourn"]
[EventRounds "11"]
[EventCountry "CZE"]
[SourceTitle "EXT 2024"]
[Source "ChessBase"]
[SourceDate "2023.10.10"]
[SourceVersion "1"]
[SourceVersionDate "2023.10.10"]
[SourceQuality "1"]
[WhiteTeam "Prusanky Podluzan"]
[BlackTeam "Litovel Tatran"]
[WhiteTeamCountry "CZE"]
[BlackTeamCountry "CZE"]

1. e4 c5 2. Nf3 e6 3. b3 b6 4. Bb2 Bb7 5. Nc3 Nc6 6. Be2 d6 7. 0-0 Nf6 8. d4 cxd4 9. Nxd4 Be7 10. Bb5 Rc8 11. Nd5 exd5 12. exd5 Nxd5 13. Nxc6 Bxc6 14. Qxd5 Bxb5 15. Qxb5+ Qd7 16. Qxd7+ Kxd7 17. c4 Rhg8 18. a4 a5 19. Rfe1 g6 20. Bd4 Rc6 21. Re3 Bg5 22. Rf3 f5 23. g4 Rf8 24. gxf5 Rxf5 25. Rxf5 gxf5 26. Kg2 Ke6 27. Kf3 Bf6 28. Re1+ Kf7 29. Be3 Be5 30. h4 d5 31. Bg5 Bf6 32. cxd5 Rc3+ 33. Re3 Rc5 34. Bxf6 Kxf6 35. Re6+ Kf7 36. Rxb6 Rxd5 37. Rb5 Rxb5 38. axb5 Ke6 39. Kf4 Kd5 40. Kxf5 Kc5 41. Ke6 Kxb5 42. f4 Kb4 43. f5 Kxb3 44. f6 a4 45. f7 a3 46. f8Q a2 47. Qg7 1-0

[Event "AUT-chT2O 2223"]
[Site "Austria"]
[Date "2023.01.22"]
[Round "7.5"]
[White "Herman, Diego"]
[Black "Hajek, Oskar"]
[Result "0-1"]
[WhiteElo "2185"]
[BlackElo "2220"]
[PlyCount "40"]
[EventDate "2022.10.15"]
[EventType "team-tourn"]
[EventRounds "11"]
[EventCountry "AUT"]
[SourceTitle "CBM 213 Extra"]
[Source "ChessBase"]
[SourceDate "2023.05.31"]
[SourceVersion "1"]
[SourceVersionDate "2023.05.31"]
[SourceQuality "1"]
[WhiteTeam "Wien Austria"]
[BlackTeam "Mistelbach/Altlichtenwarth"]
[WhiteTeamCountry "AUT"]
[BlackTeamCountry "AUT"]

1. Nc3 Nf6 2. Nf3 d5 3. b3 d4 4. Na4 Nc6 5. e3 e5 6. Bb5 dxe3 7. fxe3 Bd6 8. c4 e4 9. c5 exf3 10. cxd6 fxg2 11. Rg1 Ne4 12. Qh5 Qf6 13. Qd5 Qf2+ 14. Kd1 Qxg1+ 15. Kc2 0-0 16. Qxe4 Qf2 17. Bd3 Bf5 18. Qxf5 Qxf5 19. Bxf5 g1Q 20. dxc7 Nb4+ 0-1

[Event "CZE-chT2E 2223"]
[Site "Czech Republic"]
[Date "2023.01.08"]
[Round "6.3"]
[White "Fiala, Vaclav"]
[Black "Hajek, Oskar"]
[Result "1/2-1/2"]
[WhiteElo "2322"]
[BlackElo "2220"]
[PlyCount "145"]
[EventDate "2022.10.16"]
[EventType "team-tourn"]
[EventRounds "11"]
[EventCountry "CZE"]
[SourceTitle "EXT 2024"]
[Source "ChessBase"]
[SourceDate "2023.10.10"]
[SourceVersion "1"]
[SourceVersionDate "2023.10.10"]
[SourceQuality "1"]
[WhiteTeam "Jundrov Jezdci II"]
[BlackTeam "Prusanky Podluzan"]
[WhiteTeamCountry "CZE"]
[BlackTeamCountry "CZE"]

1. e4 d6 2. d4 Nf6 3. Nc3 e5 4. Nf3 Nbd7 5. g4 d5 6. Nxd5 Nxd5 7. exd5 Bd6 8. Bg2 0-0 9. dxe5 Nxe5 10. Nxe5 Bxe5 11. 0-0 Qh4 12. h3 h5 13. f4 Bd6 14. f5 Qg3 15. Rf3 Qh2+ 16. Kf1 Bd7 17. Qd4 c5 18. dxc6 Bxc6 19. Bf4 Bxf4 20. Qxf4 Qxf4 21. Rxf4 Bxg2+ 22. Kxg2 hxg4 23. hxg4 Rac8 24. c3 Rfd8 25. Raf1 f6 26. R1f2 Kf7 27. Re2 Rc7 28. Rfe4 Rd3 29. R4e3 Rd1 30. Re8 Rcd7 31. Kf2 Ra1 32. b3 Rc1 33. c4 Rcd1 34. Ra8 b6 35. Rae8 R1d3 36. R8e6 R3d4 37. Kf3 Rd1 38. R6e4 R1d3+ 39. Kf2 Rd1 40. Rc2 Rh1 41. Kg2 Rb1 42. Ree2 Rd4 43. Kf3 Rf1+ 44. Rf2 Rg1 45. Rg2 Rf1+ 46. Kg3 Rff4 47. Kh3 Rfe4 48. c5 bxc5 49. Rxc5 Re7 50. Rc3 a5 51. Rgg3 a4 52. Rc4 Ree4 53. Rc7+ Re7 54. Rgc3 axb3 55. axb3 Rxc7 56. Rxc7+ Kg8 57. Rb7 Rd3+ 58. Kg2 Rc3 59. Kf2 Kh8 60. Ke2 Rg3 61. Rb4 Kh7 62. Kd2 Kh6 63. Kc2 Kg5 64. Rb7 Rxg4 65. Rxg7+ Kxf5 66. Rxg4 Kxg4 67. b4 Kf5 68. b5 Ke6 69. Kd3 Kd5 70. b6 Kc6 71. Ke4 Kxb6 72. Kf5 Ka7 73. Kxf6 1/2-1/2

[Event "AUT-chT2O 2223"]
[Site "Austria"]
[Date "2022.11.19"]
[Round "3.6"]
[White "Mozny, Milos"]
[Black "Hajek, Oskar"]
[Result "1/2-1/2"]
[WhiteElo "2250"]
[BlackElo "2220"]
[PlyCount "40"]
[EventDate "2022.10.15"]
[EventType "team-tourn"]
[EventRounds "11"]
[EventCountry "AUT"]
[SourceTitle "CBM 213 Extra"]
[Source "ChessBase"]
[SourceDate "2023.05.31"]
[SourceVersion "1"]
[SourceVersionDate "2023.05.31"]
[SourceQuality "1"]
[WhiteTeam "Hietzing"]
[BlackTeam "Mistelbach/Altlichtenwarth"]
[WhiteTeamCountry "AUT"]
[BlackTeamCountry "AUT"]

1. d4 c5 2. c3 d5 3. Nf3 Nf6 4. Bf4 Qb6 5. Qb3 c4 6. Qxb6 axb6 7. Nbd2 b5 8. a3 Nc6 9. Rc1 Nh5 10. e3 Nxf4 11. exf4 Bf5 12. Be2 e6 13. Nh4 Bg6 14. Nxg6 hxg6 15. Bf3 Bd6 16. g3 Kd7 17. Kf1 Ke7 18. Kg2 Kd7 19. Kf1 Ke7 20. Kg2 Kd7 1/2-1/2

[Event "Piestany Augustus Cup"]
[Site "Piestany"]
[Date "2022.07.15"]
[Round "6"]
[White "Hajek, Oskar"]
[Black "Grom, Stanislav"]
[Result "1-0"]
[WhiteElo "2079"]
[BlackElo "1721"]
[PlyCount "59"]
[EventDate "2022.07.15"]
[EventType "swiss (rapid)"]
[EventRounds "7"]
[EventCountry "SVK"]
[SourceTitle "CBM 209 Extra"]
[Source "ChessBase"]
[SourceDate "2022.09.30"]
[SourceVersion "1"]
[SourceVersionDate "2022.09.30"]
[SourceQuality "1"]

1. Nc3 d5 2. d4 Bf5 3. Bf4 e6 4. e3 Nf6 5. Bd3 Bg6 6. Nf3 Bd6 7. Ne5 c6 8. h4 Bxd3 9. cxd3 Nbd7 10. Nxf7 Kxf7 11. Bxd6 g6 12. e4 Qb6 13. e5 Ne8 14. Qf3+ Kg7 15. 0-0-0 Qxd4 16. h5 Nxd6 17. exd6 Rhf8 18. Qh3 Rae8 19. hxg6 Qf4+ 20. Kb1 h6 21. Ne2 Qg5 22. f4 Qxg6 23. g4 Rf6 24. Ng3 Kg8 25. f5 exf5 26. Nxf5 Kh7 27. Nh4 Qg5 28. Nf3 Qe3 29. g5 Qxf3 30. Qxd7+ 1-0

[Event "AUT-chT2O 2122"]
[Site "Austria"]
[Date "2022.03.13"]
[Round "9.2"]
[White "Hechl, Fabian"]
[Black "Hajek, Oskar"]
[Result "0-1"]
[WhiteElo "2113"]
[BlackElo "2168"]
[PlyCount "78"]
[EventDate "2021.10.16"]
[EventType "team-tourn"]
[EventRounds "11"]
[EventCountry "AUT"]
[SourceTitle "EXT 2023"]
[Source "ChessBase"]
[SourceDate "2022.10.05"]
[SourceVersion "1"]
[SourceVersionDate "2022.10.05"]
[SourceQuality "1"]
[WhiteTeam "Donaustadt"]
[BlackTeam "Mistelbach/Altlichtenwarth"]
[WhiteTeamCountry "AUT"]
[BlackTeamCountry "AUT"]

1. e4 d6 2. d4 Nf6 3. Nc3 e5 4. Nf3 Nbd7 5. g4 Nxg4 6. Rg1 Ngf6 7. Bc4 h6 8. Be3 c6 9. dxe5 dxe5 10. Qd3 b5 11. Bb3 Qc7 12. a4 b4 13. Bxf7+ Kxf7 14. Qc4+ Ke7 15. Nb5 Qb7 16. Bc5+ Kd8 17. Nd6 Bxd6 18. Bxd6 c5 19. 0-0-0 Qxe4 20. Qf7 Re8 21. Rxg7 Qxf3 22. Be7+ Rxe7 23. Qxe7+ Kc7 24. Qxc5+ Qc6 25. Qxe5+ Kb7 26. Rd6 Qh1+ 27. Rd1 Qc6 28. Kb1 Rb8 29. Rd6 Qh1+ 30. Ka2 Ka8 31. Qa5 Qf3 32. Rd3 Qxf2 33. Qc7 Qb6 34. Qf4 Nc5 35. Rd6 b3+ 36. Ka1 Qa5 37. cxb3 Nxb3+ 38. Kb1 Qe1+ 39. Ka2 Qa1# 0-1

[Event "AUT-chT2O 2122"]
[Site "Austria"]
[Date "2022.02.27"]
[Round "7.5"]
[White "Hajek, Oskar"]
[Black "Brod, Manfred"]
[Result "1-0"]
[WhiteElo "2168"]
[BlackElo "2210"]
[PlyCount "103"]
[EventDate "2021.10.16"]
[EventType "team-tourn"]
[EventRounds "11"]
[EventCountry "AUT"]
[SourceTitle "EXT 2023"]
[Source "ChessBase"]
[SourceDate "2022.10.05"]
[SourceVersion "1"]
[SourceVersionDate "2022.10.05"]
[SourceQuality "1"]
[WhiteTeam "Mistelbach/Altlichtenwarth"]
[BlackTeam "Mattersburg"]
[WhiteTeamCountry "AUT"]
[BlackTeamCountry "AUT"]

1. e4 e6 2. d4 d5 3. Nd2 Nf6 4. e5 Nfd7 5. Bd3 c5 6. c3 Nc6 7. Ne2 cxd4 8. cxd4 f6 9. exf6 Nxf6 10. Nf3 Bd6 11. Bf4 Bxf4 12. Nxf4 Qa5+ 13. Qd2 Qxd2+ 14. Kxd2 0-0 15. Rhe1 Ne4+ 16. Bxe4 Rxf4 17. Bd3 Bd7 18. Bb5 Raf8 19. Bxc6 bxc6 20. Rac1 g5 21. h3 h5 22. Re5 R8f5 23. Ke3 g4 24. Rxf5 Re4+ 25. Kd3 exf5 26. Ne5 Be8 27. hxg4 fxg4 28. g3 a6 29. b4 Kg7 30. Rc5 Re1 31. Ra5 Rb1 32. a3 Bg6+ 33. Nxg6 Kxg6 34. Rxa6 Kf5 35. Rxc6 Rb3+ 36. Rc3 Rb2 37. Ke3 Rb1 38. a4 Rxb4 39. Ra3 Rb6 40. a5 Re6+ 41. Kd3 Ra6 42. Ra4 Ke6 43. Kc3 Kd6 44. Kb4 Ra8 45. a6 Kc6 46. a7 Kb6 47. Ra3 Kb7 48. Kb5 Kc7 49. Ka6 Rf8 50. Rc3+ Kd6 51. Kb7 Rf7+ 52. Kb8 1-0

[Event "Titled Tuesday intern op 11th May"]
[Site "Chess.com INT"]
[Date "2021.05.11"]
[Round "1"]
[White "Hajek, Oskar"]
[Black "Mohammad Fahad, Rahman"]
[Result "0-1"]
[WhiteElo "2165"]
[BlackElo "2314"]
[PlyCount "144"]
[EventDate "2021.05.11"]
[EventType "swiss (blitz)"]
[EventRounds "11"]
[EventCountry "USA"]
[SourceTitle "CBM 202 Extra"]
[Source "ChessBase"]
[SourceDate "2021.07.31"]
[SourceVersion "1"]
[SourceVersionDate "2021.07.31"]
[SourceQuality "1"]

1. e4 c5 2. c3 Nf6 3. e5 Nd5 4. Nf3 d6 5. exd6 e6 6. g3 Bxd6 7. Bg2 0-0 8. 0-0 Nc6 9. d4 Qc7 10. Na3 a6 11. Nc4 Be7 12. Nce5 Rd8 13. Qe2 Bd7 14. Re1 cxd4 15. Nxc6 Bxc6 16. Nxd4 Be8 17. Bd2 Bf6 18. Rac1 Qb6 19. Nb3 h6 20. c4 Nb4 21. c5 Rxd2 22. Qxd2 Qb5 23. Bf1 Qa4 24. a3 Na2 25. Rc4 Qxb3 26. Re3 Qb5 27. b4 Nc3 28. Rcxc3 Bxc3 29. Qxc3 Qa4 30. Bc4 Qd1+ 31. Re1 Qg4 32. Kg2 Bc6+ 33. f3 Bxf3+ 34. Qxf3 Qxc4 35. Qxb7 Rd8 36. Rf1 Rd2+ 37. Rf2 Rxf2+ 38. Kxf2 Qa2+ 39. Kg1 Qa1+ 40. Kg2 Qxa3 41. Qa8+ Kh7 42. Qe4+ g6 43. h4 Qb2+ 44. Kh3 Qf2 45. h5 Qf1+ 46. Kh2 Qf2+ 47. Qg2 Qd4 48. hxg6+ Kxg6 49. Qc2+ Kf6 50. c6 Qd8 51. c7 Qc8 52. Qc6 Ke7 53. Kg2 h5 54. Kh3 e5+ 55. Kh2 f5 56. Qc5+ Kd7 57. Qxe5 Kc6 58. Qc5+ Kb7 59. Qc2 Qxc7 60. Qxf5 h4 61. Qd5+ Kb6 62. Qe6+ Kb5 63. Qf5+ Ka4 64. Qa5+ Qxa5 65. bxa5 hxg3+ 66. Kxg3 Kxa5 67. Kf3 Kb4 68. Ke2 Kb3 69. Kd1 Kb2 70. Kd2 a5 71. Kd3 a4 72. Kc4 a3 0-1

[Event "Titled Tuesday intern op 09th Feb"]
[Site "Chess.com INT"]
[Date "2021.02.09"]
[Round "1"]
[White "Hajek, Oskar"]
[Black "Dobrikov, Marco"]
[Result "1-0"]
[WhiteElo "2165"]
[BlackElo "2311"]
[PlyCount "33"]
[EventDate "2021.02.09"]
[EventType "swiss (blitz)"]
[EventRounds "11"]
[EventCountry "USA"]
[SourceTitle "EXT 2022"]
[Source "ChessBase"]
[SourceDate "2021.10.06"]
[SourceVersion "1"]
[SourceVersionDate "2021.10.06"]
[SourceQuality "1"]

1. e4 c5 2. Nf3 d6 3. d4 cxd4 4. Qxd4 Nf6 5. e5 dxe5 6. Qxd8+ Kxd8 7. Nxe5 Be6 8. Nc3 Nbd7 9. Bf4 Nxe5 10. Bxe5 Nd7 11. 0-0-0 Kc8 12. Bg3 g6 13. Nb5 Bxa2 14. b3 Bg7 15. Nc7 Rb8 16. Nb5 a6 17. Na7+ 1-0

[Event "Titled Tuesday intern op 09th Feb"]
[Site "Chess.com INT"]
[Date "2021.02.09"]
[Round "5"]
[White "Hajek, Oskar"]
[Black "Goltseva, Ekaterina"]
[Result "0-1"]
[WhiteElo "2165"]
[BlackElo "2295"]
[PlyCount "78"]
[EventDate "2021.02.09"]
[EventType "swiss (blitz)"]
[EventRounds "11"]
[EventCountry "USA"]
[SourceTitle "EXT 2022"]
[Source "ChessBase"]
[SourceDate "2021.10.06"]
[SourceVersion "1"]
[SourceVersionDate "2021.10.06"]
[SourceQuality "1"]

1. d4 Nf6 2. Nc3 d5 3. Bf4 a6 4. e3 e6 5. Nf3 Bb4 6. a3 Bxc3+ 7. bxc3 Ne4 8. c4 g5 9. Be5 f6 10. Bg3 h5 11. h3 Nxg3 12. fxg3 Qd6 13. Kf2 0-0 14. Bd3 Kg7 15. Rf1 Nc6 16. c5 Qe7 17. Kg1 e5 18. dxe5 fxe5 19. e4 d4 20. Kh2 Be6 21. Qd2 Kg6 22. h4 g4 23. Ng5 Bg8 24. Rf5 Rf6 25. Rxf6+ Qxf6 26. Rf1 Qe7 27. Qf2 Kg7 28. Qe2 Rf8 29. Rf5 Qxc5 30. Qf2 Qe7 31. Qe2 Rf6 32. Qf2 Qf8 33. Qe2 a5 34. Qf2 Ne7 35. Rxf6 Qxf6 36. Qd2 b6 37. c3 c5 38. cxd4 cxd4 39. Qc2 Qc6 0-1

[Event "Titled Tuesday intern op 09th Feb"]
[Site "Chess.com INT"]
[Date "2021.02.09"]
[Round "2"]
[White "Hajek, Oskar"]
[Black "Harshavardhan, GB."]
[Result "0-1"]
[WhiteElo "2165"]
[BlackElo "2397"]
[PlyCount "56"]
[EventDate "2021.02.09"]
[EventType "swiss (blitz)"]
[EventRounds "11"]
[EventCountry "USA"]
[SourceTitle "EXT 2022"]
[Source "ChessBase"]
[SourceDate "2021.10.06"]
[SourceVersion "1"]
[SourceVersionDate "2021.10.06"]
[SourceQuality "1"]

1. e4 e5 2. Nf3 Nc6 3. Bb5 a6 4. Bxc6 dxc6 5. Nc3 f6 6. d4 exd4 7. Qxd4 Qxd4 8. Nxd4 Bd7 9. Be3 0-0-0 10. 0-0-0 Bd6 11. Nb3 Ne7 12. Nc5 Ng6 13. Nxd7 Rxd7 14. f3 Rhd8 15. Ne2 Nh4 16. Rhg1 Nxg2 17. Rxg2 Bf4 18. Rxd7 Bxe3+ 19. Kd1 Rxd7+ 20. Ke1 Rd2 21. Rxg7 Rxc2 22. Rxh7 Rxb2 23. Kf1 Rxa2 24. h4 b5 25. h5 b4 26. h6 Kb7 27. Rh8 Bxh6 28. Rxh6 b3 0-1

[Event "Titled Tuesday intern op 02nd Feb"]
[Site "Chess.com INT"]
[Date "2021.02.02"]
[Round "11"]
[White "Ptacnikova, Lenka"]
[Black "Hajek, Oskar"]
[Result "1-0"]
[WhiteElo "2130"]
[BlackElo "2165"]
[PlyCount "45"]
[EventDate "2021.02.02"]
[EventType "swiss (blitz)"]
[EventRounds "11"]
[EventCountry "USA"]
[SourceTitle "CBM 200 Extra"]
[Source "ChessBase"]
[SourceDate "2021.03.31"]
[SourceVersion "1"]
[SourceVersionDate "2021.03.31"]
[SourceQuality "1"]

1. c4 c6 2. e4 d5 3. exd5 cxd5 4. cxd5 Nf6 5. Bb5+ Nbd7 6. Nc3 a6 7. Bc4 g6 8. a4 Bg7 9. Nf3 0-0 10. a5 Nc5 11. 0-0 Bg4 12. h3 Bf5 13. d3 Qd7 14. Be3 Rac8 15. Re1 h5 16. Ne5 Qd6 17. Bf4 Ncd7 18. Nxg6 Qb4 19. Nxe7+ Kh8 20. Nxc8 Rxc8 21. Qd2 b5 22. Ba2 Nb6 23. axb6 1-0

[Event "Titled Tuesday intern op 26th Jan"]
[Site "Chess.com INT"]
[Date "2021.01.26"]
[Round "4"]
[White "Hamley, Ryan"]
[Black "Hajek, Oskar"]
[Result "1-0"]
[WhiteElo "2039"]
[BlackElo "2165"]
[PlyCount "95"]
[EventDate "2021.01.26"]
[EventType "swiss (blitz)"]
[EventRounds "11"]
[EventCountry "USA"]
[SourceTitle "CBM 200 Extra"]
[Source "ChessBase"]
[SourceDate "2021.03.31"]
[SourceVersion "1"]
[SourceVersionDate "2021.03.31"]
[SourceQuality "1"]

1. d4 d5 2. c4 c6 3. Nf3 Nf6 4. Nc3 dxc4 5. a4 Bf5 6. Ne5 Nbd7 7. Nxc4 Qc7 8. g3 e5 9. dxe5 Nxe5 10. Bf4 Nfd7 11. Qd4 f6 12. Bxe5 Nxe5 13. Bg2 Rd8 14. Qe3 Bb4 15. 0-0 0-0 16. Nxe5 fxe5 17. Qxa7 Rd2 18. Qe3 Rxb2 19. Ne4 h6 20. Rab1 Rxb1 21. Rxb1 c5 22. Rc1 Bxe4 23. Qxe4 Qe7 24. Qxb7 Qxb7 25. Bxb7 Rb8 26. Bd5+ Kf8 27. Kg2 Ke7 28. Kf3 Kd6 29. Ke4 Rb6 30. e3 Ra6 31. Bb3 Ra7 32. Rd1+ Kc6 33. Kxe5 Bc3+ 34. Ke4 Re7+ 35. Kf3 Bb4 36. Rd8 Ba5 37. Ra8 Bc7 38. e4 Rd7 39. Bd5+ Kb6 40. Rf8 Ka5 41. Bc6 Rd3+ 42. Ke2 Rd4 43. Rf7 Be5 44. f4 Bb8 45. Rb7 Bd6 46. e5 Bf8 47. Rf7 Rd8 48. e6 1-0

[Event "Titled Tuesday intern op 26th Jan"]
[Site "Chess.com INT"]
[Date "2021.01.26"]
[Round "11"]
[White "Simonovic, Miroslav"]
[Black "Hajek, Oskar"]
[Result "1-0"]
[WhiteElo "2119"]
[BlackElo "2165"]
[PlyCount "95"]
[EventDate "2021.01.26"]
[EventType "swiss (blitz)"]
[EventRounds "11"]
[EventCountry "USA"]
[SourceTitle "CBM 200 Extra"]
[Source "ChessBase"]
[SourceDate "2021.03.31"]
[SourceVersion "1"]
[SourceVersionDate "2021.03.31"]
[SourceQuality "1"]

1. d4 c5 2. c3 Nf6 3. Bg5 Nc6 4. Bxf6 gxf6 5. e3 Bg7 6. Nd2 d5 7. g3 a5 8. dxc5 e5 9. Bg2 e4 10. Ne2 Ne5 11. 0-0 Nd3 12. Nf4 Nxc5 13. Nb3 Ne6 14. Qxd5 Qe7 15. Qb5+ Bd7 16. Qxb7 0-0 17. Qxe4 a4 18. Nd4 Rae8 19. Nf5 Qc5 20. Nxg7 Nxg7 21. Qd5 Qb6 22. Qxd7 Rd8 23. Qg4 f5 24. Qg5 Kh8 25. Nh5 Rg8 26. Nxg7 f6 27. Qxf5 Rxg7 28. c4 Qxb2 29. c5 Rg5 30. Rab1 Qc3 31. Qf4 Rxc5 32. Qxa4 Kg7 33. Qf4 Rg5 34. h4 Rg6 35. Be4 Rh6 36. Rbc1 Qa5 37. Rc7+ Kh8 38. Qxh6 Qxc7 39. Qxf6+ Kg8 40. Qe6+ Kf8 41. Qf5+ Ke7 42. Qxh7+ Kd6 43. Rd1+ Ke5 44. Rxd8 Qc1+ 45. Kg2 Qh1+ 46. Kxh1 Ke6 47. Qg6+ Ke5 48. Rd5# 1-0

[Event "Titled Tuesday intern op 19th Jan"]
[Site "Chess.com INT"]
[Date "2021.01.19"]
[Round "2"]
[White "Hajek, Oskar"]
[Black "Goryachkina, Aleksandra"]
[Result "1/2-1/2"]
[WhiteElo "2165"]
[BlackElo "2593"]
[PlyCount "75"]
[EventDate "2021.01.19"]
[EventType "swiss (blitz)"]
[EventRounds "11"]
[EventCountry "USA"]
[SourceTitle "CBM 200 Extra"]
[Source "ChessBase"]
[SourceDate "2021.03.31"]
[SourceVersion "1"]
[SourceVersionDate "2021.03.31"]
[SourceQuality "1"]

1. e4 c6 2. d4 d5 3. e5 Bf5 4. h4 h5 5. Bd3 Bxd3 6. Qxd3 e6 7. Bg5 Qb6 8. Nd2 Qa6 9. c4 Bb4 10. b3 Ne7 11. Ngf3 Nf5 12. 0-0 Nd7 13. a3 Be7 14. Bxe7 Nxe7 15. b4 0-0 16. a4 dxc4 17. Qxc4 Qxc4 18. Nxc4 Nf5 19. Rfd1 Rfd8 20. b5 Nb6 21. Na5 cxb5 22. Nxb7 Rdb8 23. Nc5 Nxa4 24. Nxa4 bxa4 25. Rxa4 Rb5 26. g3 a5 27. Ng5 Rd5 28. Ne4 Rad8 29. Nc3 Rxd4 30. Rdxd4 Nxd4 31. Rxa5 Kh7 32. Kg2 Kg6 33. Ne4 Rd7 34. Ng5 Nf5 35. Ra8 Nd4 36. Ra5 Nf5 37. Rc5 Nd4 38. Ra5 1/2-1/2

[Event "Titled Tuesday intern op 19th Jan"]
[Site "Chess.com INT"]
[Date "2021.01.19"]
[Round "9"]
[White "Hajek, Oskar"]
[Black "Przybylski, Wojciech"]
[Result "0-1"]
[WhiteElo "2165"]
[BlackElo "2321"]
[PlyCount "66"]
[EventDate "2021.01.19"]
[EventType "swiss (blitz)"]
[EventRounds "11"]
[EventCountry "USA"]
[SourceTitle "CBM 200 Extra"]
[Source "ChessBase"]
[SourceDate "2021.03.31"]
[SourceVersion "1"]
[SourceVersionDate "2021.03.31"]
[SourceQuality "1"]

1. e4 c5 2. c3 Nf6 3. e5 Nd5 4. Bc4 e6 5. Nf3 Nc6 6. d4 cxd4 7. cxd4 d6 8. 0-0 dxe5 9. dxe5 Be7 10. Qe2 0-0 11. Rd1 a6 12. a3 Na5 13. Ba2 Qc7 14. Nbd2 b5 15. Ne4 Bb7 16. Bg5 Rfd8 17. Rac1 Qd7 18. Bxe7 Qxe7 19. Nd6 Nf4 20. Qe3 Bd5 21. Bb1 Ng6 22. Rc3 Nc4 23. Nxc4 bxc4 24. Re1 Rab8 25. h4 Rxb2 26. h5 Nf8 27. h6 g6 28. Nd4 Nd7 29. Be4 Nxe5 30. Bxd5 Rxd5 31. Qe4 Qf6 32. f4 Rxd4 33. Rxc4 Nxc4 0-1

[Event "Titled Tuesday intern op 19th Jan"]
[Site "Chess.com INT"]
[Date "2021.01.19"]
[Round "7"]
[White "Hajek, Oskar"]
[Black "Terletsky, Oleg"]
[Result "1-0"]
[WhiteElo "2165"]
[BlackElo "2224"]
[PlyCount "125"]
[EventDate "2021.01.19"]
[EventType "swiss (blitz)"]
[EventRounds "11"]
[EventCountry "USA"]
[SourceTitle "CBM 200 Extra"]
[Source "ChessBase"]
[SourceDate "2021.03.31"]
[SourceVersion "1"]
[SourceVersionDate "2021.03.31"]
[SourceQuality "1"]

1. e4 e5 2. Nf3 Nc6 3. Bb5 a6 4. Ba4 Nf6 5. 0-0 Be7 6. Re1 b5 7. Bb3 d6 8. a4 Bg4 9. c3 0-0 10. d3 Na5 11. Bc2 c5 12. Nbd2 b4 13. h3 Be6 14. d4 cxd4 15. cxd4 Qc7 16. Bd3 Rfc8 17. d5 Bd7 18. Nf1 Nb7 19. b3 Nc5 20. Bg5 Nxd3 21. Qxd3 Qc3 22. Red1 Qxd3 23. Rxd3 h6 24. Bxf6 Bxf6 25. Ne3 Bd8 26. Nc4 Bc7 27. Nfd2 Kf8 28. Rf1 g5 29. Kh2 Ke7 30. g3 f5 31. f4 fxe4 32. Nxe4 Bf5 33. Re3 gxf4 34. gxf4 Bxe4 35. Rxe4 Rf8 36. Rg1 Rf7 37. fxe5 dxe5 38. Rg6 Rd8 39. Re6+ Kf8 40. d6 Bb8 41. Rxh6 Kg7 42. Re6 Rf6 43. Rg4+ Kf7 44. Re7+ Kf8 45. Rh7 Bxd6 46. Rh8+ Ke7 47. Rg7+ Ke6 48. Rxd8 Bc5 49. Rg2 Bd4 50. Re2 Rf3 51. Rxd4 Rxb3 52. Rxe5+ Kf6 53. Rf4+ Kg6 54. h4 a5 55. Rg5+ Kh6 56. Rf6+ Kh7 57. Ne5 Re3 58. Ng4 Re2+ 59. Kg3 b3 60. Rf7+ Kh8 61. Nf6 Re3+ 62. Kf4 Re6 63. Rh7# 1-0

[Event "Chess.com Bullet op1"]
[Site "Chess.com INT"]
[Date "2020.12.19"]
[Round "3"]
[White "Blanco Gramajo, Cesar Augusto"]
[Black "Hajek, Oskar"]
[Result "1/2-1/2"]
[WhiteElo "2065"]
[BlackElo "2165"]
[PlyCount "125"]
[EventDate "2020.12.19"]
[EventType "swiss (blitz)"]
[EventRounds "21"]
[EventCountry "USA"]
[SourceTitle "EXT 2022"]
[Source "ChessBase"]
[SourceDate "2021.10.06"]
[SourceVersion "1"]
[SourceVersionDate "2021.10.06"]
[SourceQuality "1"]

1. d4 c5 2. Nf3 cxd4 3. Nxd4 e5 4. Nb3 Nc6 5. c4 Nf6 6. Nc3 Bb4 7. Bd2 d5 8. cxd5 Nxd5 9. Nxd5 Qxd5 10. Bxb4 Qxd1+ 11. Rxd1 Nxb4 12. Rd2 Nxa2 13. e3 Nb4 14. Bb5+ Nc6 15. 0-0 0-0 16. Rfd1 f6 17. Bxc6 bxc6 18. Na5 c5 19. Nc4 Be6 20. Na5 Rfb8 21. f3 Kf7 22. Nc6 Rc8 23. Na5 c4 24. g3 c3 25. bxc3 Rxc3 26. Nb7 Rxe3 27. Nd6+ Ke7 28. Kf2 Ra3 29. Ne4 h6 30. Nc5 Ra5 31. Ne4 f5 32. Nc3 Rc8 33. Nd5+ Bxd5 34. Rxd5 Rxd5 35. Rxd5 Ke6 36. Rd2 Ra8 37. Ke2 a5 38. Ra2 a4 39. Kd2 Kd5 40. Ke3 Kc4 41. Rc2+ Kb3 42. Rd2 a3 43. Rd3+ Kb2 44. Rd2+ Kb1 45. f4 a2 46. fxe5 a1Q 47. Rd1+ Kb2 48. Rxa1 Kxa1 49. Kf4 Re8 50. Kxf5 Ka2 51. e6 Rc8 52. Kg6 Rc2 53. Kxg7 Rxh2 54. g4 Re2 55. g5 Rxe6 56. g6 Re4 57. Kxh6 Rg4 58. Kg7 Rh4 59. Kf8 Rg4 60. g7 Rf4+ 61. Kg8 Rg4 62. Kh7 Rxg7+ 63. Kxg7 1/2-1/2